| 000 | 00697cam a2200229 a 4500 | ||
|---|---|---|---|
| 001 | 12892091 | ||
| 005 | 20171215043459.0 | ||
| 008 | 020812s2001 nyuab d 000 0 eng | ||
| 010 | _a 2002282250 | ||
| 020 | _a019511227X (thumb index) | ||
| 040 |
_aDLC _cDLC _dDLC |
||
| 041 | _aeng | ||
| 043 | _an-us--- | ||
| 080 | _aR 038 JEW | ||
| 082 | _2R 038 JEW | ||
| 100 | _a26 | ||
| 101 | _aFJA | ||
| 245 | 0 | 4 |
_aThe new Oxford American dictionary / _cedited by Elizabeth J. Jewell, Frank Abate. |
| 906 |
_a7 _bcbc _corigcop _d2 _encip _f20 _gy-gencatlg |
||
| 942 |
_2ddc _cBK |
||
| 999 |
_c38987 _d38987 |
||